Detalles MARC
| 000 -LIDER |
| fixed length control field |
00854nam a22002777a 4500 |
| 001 - NÚMERO DE CONTROL |
| Identificador de número de control |
000368 |
| 003 - IDENTIFICACDOR DE NÚMERO DE CONTROL |
| control field |
DO-SdBNP |
| 005 - DATE AND TIME OF LATEST TRANSACTION |
| control field |
20240702103351.0 |
| 007 - CAMPOS FIJOS DE DESCRIPCIÓN FÍSICA |
| fixed length control field |
00368 |
| 008 - ELEMENTOS DE LONGITUD FIJA |
| fixed length control field |
160706b2006 sp a ||| 00| 0 spa d |
| 020 ## - ISBN |
| International Standard Book Number |
8486684420 |
| 040 ## - FUENTE DE CATALOGACIÓN |
| Agencia que crea de manera original el registro |
BPMSU |
| Idioma de catalogación |
spa |
| Agencia que realiza la transcripción |
BPMSU |
| 082 #4 - NÚMERO DE CLASIFICACIÓN DECIMAL DE DEWEY |
| Classification number |
853.8 |
| Item number |
P912v 2006 |
| Edition number |
22 |
| 100 1# - ASIENTO PRINCIPAL -- NOMBRE PERSONAL |
| Nombre personal |
Prats, Joan de Déu, |
| Títulos u otras palabras asociadas con el nombre |
autor |
| Fechas asociadas con el nombre |
|
| 245 13 - MENCIÓN DE TITULO |
| Título |
La verdadera historia de Pinocho / |
| Mención de responsabilidad |
Joan de Déu Prats ; ilustraciones, Marta Brú. |
| 260 ## - PUBLICACIÓN, DISTRIBUCIÓN, ETC. (PIE DE IMPRENTA) |
| Lugar de publicación, distribución, etc |
Barcelona : |
| Nombre del editor, distribuidor, etc. |
Marge Books, |
| Fecha de publicación, distribución, etc |
2006 |
| 300 ## - DESCRIPCIÓN FÍSICA |
| Extensión |
22 p. : |
| Otros detalles físicos |
il. ; |
| Dimensiones |
29 cm. |
| 490 0# - MENCIÓN DE SERIES |
| Mención de serie |
Ursa minor ; |
| Volume/sequential designation |
|
| 590 ## - NOTA LOCAL |
| Texto de la nota local |
Inventariado, 2024/VM |
| 650 #4 - ENCABEZAMIENTO DE MATERIA--TEMÁTICO |
| Término temático o nombre geográfico como elemento de entrada |
Cuuentos infantiles italianos |
| 650 #4 - ENCABEZAMIENTO DE MATERIA--TEMÁTICO |
| Término temático o nombre geográfico como elemento de entrada |
Literatura infantil italiana |
| 700 1# - ASIENTO SECUNDARIO -- NOMBRE PERSONAL |
| Nombre personal |
Brú Marta |
| Mención de responsabilidad |
ilustración |
| 700 12 - ASIENTO SECUNDARIO -- NOMBRE PERSONAL |
| Nombre personal |
Mazzanti, Enrico, |
| Mención de responsabilidad |
il. |
| 910 ## - VALIDACIÓN |
| Validación |
VMateo. Control de calidad. BPMSU |
| 942 ## - ADDED ENTRY ELEMENTS (KOHA) |
| Source of classification or shelving scheme |
Dewey Decimal Classification |
| Koha item type |
Libros |